LIBRARY & INFORMATION CENTRE, KCAET, TAVANUR

ONLINE PUBLIC ACCESS CATALOGUE (OPAC)

Mathematics for the million: A popular self educator / (Record no. 10185)

MARC details
000 -LEADER
fixed length control field 00422cam a2200157ua 4500
041 ## - LANGUAGE CODE
Language code of text/sound track or separate title eng
082 ## - DEWEY DECIMAL CLASSIFICATION NUMBER
Classification number 510
Item number HOG/MA
100 ## - MAIN ENTRY--AUTHOR NAME
Personal name Hogben, Lancelot .
245 ## - TITLE STATEMENT
Title Mathematics for the million: A popular self educator /
250 ## - EDITION STATEMENT
Edition statement 1 /
260 ## - PUBLICATION, DISTRIBUTION, ETC. (IMPRINT)
Place of publication London :
Name of publisher George Allen & Unwin Ltd ,
Year of publication 1936.
300 ## - PHYSICAL DESCRIPTION
Number of Pages 694 ; .
942 ## - ADDED ENTRY ELEMENTS (KOHA)
Koha item type Books
Holdings
Withdrawn status Lost status Damaged status Home library Current library Date acquired Full call number Accession Number Koha item type
      KAUAET KAUAET 07/04/2012 510 5194 Books
free website counter